Learning Breakthrough 1 : Workbook
Nội dung sách giới thiệu phương pháp học tiếng anh gồm có các kỹ năng nghe, nói, đọc, viết.
Enregistré dans:
| Format: | Livre |
|---|---|
| Langue: | Undetermined |
| Publié: |
Cần Thơ
Đại học Cần Thơ
2010
|
| Sujets: | |
| Tags: |
Ajouter un tag
Pas de tags, Soyez le premier à ajouter un tag!
|
| Thư viện lưu trữ: | Trung tâm Học liệu Trường Đại học Cần Thơ |
|---|
| LEADER | 00748nam a2200217Ia 4500 | ||
|---|---|---|---|
| 001 | CTU_229725 | ||
| 008 | 210402s9999 xx 000 0 und d | ||
| 020 | |c 10000 | ||
| 082 | |a 428.24 | ||
| 082 | |b L438 | ||
| 245 | 0 | |a Learning Breakthrough 1 : | |
| 245 | 0 | |b Workbook | |
| 245 | 0 | |c Bùi Minh Châu, Trần Thị Sáu | |
| 260 | |a Cần Thơ | ||
| 260 | |b Đại học Cần Thơ | ||
| 260 | |c 2010 | ||
| 520 | |a Nội dung sách giới thiệu phương pháp học tiếng anh gồm có các kỹ năng nghe, nói, đọc, viết. | ||
| 650 | |a English language,Tiếng Anh | ||
| 650 | |x Study and teaching,Dạy và học | ||
| 910 | |a Tuyến | ||
| 980 | |a Trung tâm Học liệu Trường Đại học Cần Thơ | ||